Ecuador: un modelo para des armar: descentralización, disparidades regionales y modo de desarrollo /

Sábháilte in:
Sonraí bibleagrafaíochta
Príomhchruthaitheoir: Barrera G, Augusto
Rannpháirtithe: coord, Gallegos, Franklin R., Rodríguez J, Lourdes
Formáid: Anaithnid
Foilsithe / Cruthaithe: Quito: Centro de Investigaciones CIUDAD
Clibeanna: Cuir clib leis
Níl clibeanna ann, Bí ar an gcéad duine le clib a chur leis an taifead seo!

MARC

LEADER 00000 a2200000 04500
001 18371
003
008 991231s d
040
090 |a 142902  
100 |a Barrera G, Augusto  
245 |a Ecuador: un modelo para des armar: descentralización, disparidades regionales y modo de desarrollo /  |c Augusto Barrera G.  
260 |a Quito:   |b Centro de Investigaciones CIUDAD  
300 |a 295 p.  
700 |a coord  
700 |a Gallegos, Franklin R.  
700 |a Rodríguez J, Lourdes  
999 |c 14489  |d 14489